000
00302 a2200157 4500
001
188525
020
_a
040
_c
Magnum
100
_a
Alonso, Jose Bruna
240
1
0
_a
Caminhos
_l
por
245
1
0
_a
Caminhos
300
_a
392
362
0
_a
2009
697
_a
BIOGRAFIAS E AFINS
942
_c
BK
999
_c
188525
_d
188525